000
00338 a2200169 4500
001
192553
020
_a
978-85-08-07441-9
040
_c
Magnum
100
_a
França, Mary
240
1
0
_a
O artista
_l
por
245
1
0
_a
O artista
300
_a
16
362
0
_a
2014
440
1
_a
Ática
697
_a
LITERATURA INFANTIL
942
_c
BK
999
_c
192553
_d
192553